000 00808cab a2200253 4500
001 WB2931-34
008 090401t1993 xxu||||| |||| 00| 0 eng d
035 _a(Sirsi) u5735
041 _aeng
245 _aHouse improvements
260 _c1993
350 _a0
490 _aTimes
_v21 August 1993, 4(1)
520 _aA report by the Halifax shows that two popular home improvements, an improved garden or an extra bathroom, are unlikely to add to the value of the property. The improvement that added greatest immediate value was the installation of central heating.
650 _aCENTRAL HEATING
650 _aDOUBLE GLAZING
650 _aEXTENSIONS
650 _aHOME IMPROVEMENTS
650 _aHOME OWNERSHIP
650 _aVALUE
690 _aHOUSING
942 _n0
948 _c04/03/1997
999 _c3421
_d3421